00546pam a2200181 a 4500020000500000040002500005041001300030082001600043100001500059245007500074260002900149300001400178365001200192653003400204930000900238999001500247952010200262 c aMedical College Lib. aENGhENG a618.05bSTU aStudd, J.. aProgress In Obstetrics And Gynaecology Vol. 6 / chTextual Documents a : bChurchill , c1989. a1498 ; c a1370=00 aObst & GynacaMedical Science a4790 c4789d4789 00104070aMCPbMCPd1900-01-01l0o618.05 STUpMCP-1986r2023-02-06 00:00:00t1w2023-02-06yBK